[Event "CAN op"]
[Site "Calgary CAN"]
[Date "2023.07.24"]
[Round "4.57"]
[White "Zhang, James"]
[Black "Skop, Mike"]
[Result "1/2-1/2"]
[WhiteElo "1742"]
[BlackElo "1655"]
[PlyCount "99"]
[EventDate "2023.07.22"]
[EventType "swiss"]
[EventRounds "10"]
[EventCountry "CAN"]

1. e4 c6 2. d4 Na6 3. Bxa6 Qa5+ 4. Nc3 Qxa6 5. Bf4 d6 6. Qd2 g6 7. Nf3 Bg7 8.
e5 d5 9. h3 h5 10. Ne2 Bd7 11. Nc1 Nh6 12. Nd3 b6 13. c3 Nf5 14. Ng5 e6 15. Nf3
O-O-O 16. Bg5 Rde8 17. Nh4 Nxh4 18. Bxh4 Bh6 19. f4 Kb8 20. Bg5 Bf8 21. b4 Rc8
22. O-O c5 23. bxc5 Bb5 24. Nb4 Qa4 25. Rfb1 bxc5 26. Nc2 Ka8 27. Bh4 cxd4 28.
Nxd4 Bc5 29. Bf2 Bc4 30. Nb3 Ba3 31. Bd4 Rc6 32. Nc1 Rhc8 33. Nd3 Bxd3 34. Qxd3
Qc4 35. Qxc4 Rxc4 36. Rb5 Bc5 37. Rab1 Bxd4+ 38. cxd4 Rxd4 39. g3 h4 40. Rb7
hxg3 41. Rxf7 Rd2 42. a4 Ra2 43. Rf6 Rxa4 44. Rxe6 Rxf4 45. Rxg6 Re4 46. Rxg3
Rxe5 47. Rg7 Re2 48. Rd7 Rg8+ 49. Kf1 Rh2 50. Rbb7 1/2-1/2

[Event "CAN op"]
[Site "Calgary CAN"]
[Date "2023.07.24"]
[Round "4.58"]
[White "Russell, Wesley"]
[Black "Giles, Patrick"]
[Result "1-0"]
[WhiteElo "1723"]
[BlackElo "1653"]
[PlyCount "107"]
[EventDate "2023.07.22"]
[EventType "swiss"]
[EventRounds "10"]
[EventCountry "CAN"]

1. e4 c6 2. d4 d5 3. Nc3 dxe4 4. Nxe4 Bf5 5. Ng3 Bg6 6. Nh3 Nf6 7. Nf4 e6 8. h4
h6 9. Nxg6 fxg6 10. Bd3 Kf7 11. c3 Bd6 12. Qc2 Rf8 13. Bxg6+ Kg8 14. Qb3 Nd5
15. Nh5 Qe7 16. Bd2 b5 17. f3 Nd7 18. O-O-O a5 19. Rdf1 a4 20. Qc2 b4 21. c4 b3
22. Qb1 Nf4 23. Nxf4 Bxf4 24. a3 Qf6 25. Qe4 Nb6 26. Bxf4 Qxf4+ 27. Qxf4 Rxf4
28. c5 Nc4 29. Be4 Rd8 30. Rd1 Ne3 31. Rd2 Nd5 32. g3 Rf6 33. f4 Kf8 34. Re1 g6
35. Bg2 Kf7 36. Bh3 Re8 37. Rde2 Re7 38. Kd2 Re8 39. Kd3 Rxf4 40. Bxe6+ Rxe6
41. Rxe6 Rf3+ 42. Kc4 Rxg3 43. Rxc6 Ne3+ 44. Kb5 Nc2 45. Rf1+ Ke7 46. Kxa4 Nxd4
47. Rc7+ Ke6 48. Rd1 Rg4 49. Rb7 Rxh4 50. Rb4 Rh2 51. Rdxd4 Rxb2 52. Rxb3 Rc2
53. Kb5 g5 54. Rd6+ 1-0

[Event "CAN op"]
[Site "Calgary CAN"]
[Date "2023.07.24"]
[Round "4.59"]
[White "Wilson, Kim"]
[Black "Ashley, Mathew"]
[Result "0-1"]
[WhiteElo "1701"]
[BlackElo "1709"]
[PlyCount "30"]
[EventDate "2023.07.22"]
[EventType "swiss"]
[EventRounds "10"]
[EventCountry "CAN"]

1. c4 e6 2. Nc3 d5 3. cxd5 exd5 4. d4 Nf6 5. g3 Be7 6. Bg2 O-O 7. e3 c6 8. Nge2
Bf5 9. Qb3 Qc7 10. Nf4 Nbd7 11. Nfxd5 Nxd5 12. Bxd5 cxd5 13. Nxd5 Qd8 14. Nxe7+
Qxe7 15. Qxb7 Be4 0-1

[Event "CAN op"]
[Site "Calgary CAN"]
[Date "2023.07.24"]
[Round "4.60"]
[White "Sklenka, Steve"]
[Black "Tcherni, Avram"]
[Result "1-0"]
[WhiteElo "1550"]
[BlackElo "1701"]
[PlyCount "137"]
[EventDate "2023.07.22"]
[EventType "swiss"]
[EventRounds "10"]
[EventCountry "CAN"]

1. e4 b6 2. d4 Bb7 3. Bd3 e6 4. Nf3 d5 5. Nc3 Bb4 6. exd5 exd5 7. Bd2 Nf6 8.
O-O O-O 9. Re1 c5 10. a3 Bxc3 11. Bxc3 c4 12. Bf1 Nc6 13. Bd2 Ne4 14. Bf4 Qf6
15. Be3 Ne7 16. Ne5 Rad8 17. f3 Ng5 18. Qd2 Ne6 19. c3 Ng6 20. Ng4 Qf5 21. Rac1
h5 22. Ne5 Nxe5 23. dxe5 f6 24. Bd4 Rd7 25. Qe3 Re8 26. g3 Ng5 27. f4 Ne4 28.
Bg2 fxe5 29. fxe5 Rf8 30. Rf1 Qg6 31. Rxf8+ Kxf8 32. Rf1+ Rf7 33. Rxf7+ Qxf7
34. Qf4 g5 35. Qxf7+ Kxf7 36. Bf3 g4 37. Bd1 Nc5 38. Bc2 Bc6 39. Bf5 Na4 40.
e6+ Ke7 41. Bg6 Kxe6 42. Bxh5 Kf5 43. Kf2 Nxb2 44. h4 gxh3 45. g4+ Kg5 46. Kg3
Nd3 47. Be3+ Kf6 48. Kxh3 Bd7 49. Kg3 Kg7 50. Bd4+ Kf8 51. Kh4 Ne1 52. g5 Nc2
53. Be5 Nxa3 54. Bd6+ Kg7 55. Bxa3 a5 56. Bf3 Be6 57. Kg3 b5 58. Bc5 b4 59.
cxb4 axb4 60. Bxb4 d4 61. Bc5 d3 62. Bd4+ Kg6 63. Kf4 Bf7 64. Bc3 Be6 65. Be4+
Kf7 66. Ke5 Bg4 67. g6+ Kf8 68. Kf6 Bh5 69. g7+ 1-0

[Event "CAN op"]
[Site "Calgary CAN"]
[Date "2023.07.25"]
[Round "5.2"]
[White "Gupta, Abhijeet"]
[Black "Mikhalevski, Victor"]
[Result "1-0"]
[WhiteElo "2629"]
[BlackElo "2599"]
[PlyCount "117"]
[EventDate "2023.07.22"]
[EventType "swiss"]
[EventRounds "10"]
[EventCountry "CAN"]

1. d4 Nf6 2. c4 c5 3. d5 e6 4. Nc3 exd5 5. cxd5 d6 6. e4 g6 7. f4 Bg7 8. Bb5+
Nfd7 9. a4 Qh4+ 10. g3 Qd8 11. Nf3 O-O 12. O-O a6 13. Bd3 Nf6 14. Kg2 Bg4 15.
h3 Bxf3+ 16. Qxf3 Nbd7 17. Re1 Qc7 18. Be3 Rab8 19. Bf2 Rfe8 20. Bc4 Qa5 21.
Bf1 Re7 22. Re2 b5 23. Rae1 b4 24. Nb1 c4 25. Nd2 c3 26. Nc4 Qxa4 27. e5 Ne8
28. b3 Qxb3 29. Na5 Qa4 30. Nc6 Bf8 31. Nxe7+ Bxe7 32. exd6 Bf6 33. Rxe8+ Rxe8
34. Rxe8+ Kg7 35. Rc8 b3 36. Bd3 a5 37. Qe2 Qa2 38. g4 Qxe2 39. Bxe2 c2 40. Bd3
a4 41. Bxc2 bxc2 42. Rxc2 a3 43. Be1 Nb6 44. Bc3 Nxd5 45. Bxf6+ Kxf6 46. Rd2 a2
47. Rxa2 Ke6 48. Kf3 Kxd6 49. g5 f6 50. Ra6+ Ke7 51. Ra7+ Ke6 52. Rxh7 Kf5 53.
Rf7 Ke6 54. Ra7 fxg5 55. fxg5 Ne7 56. Ke4 Nf5 57. Ra6+ Nd6+ 58. Kd4 Ke7 59. Kd5
1-0

[Event "CAN op"]
[Site "Calgary CAN"]
[Date "2023.07.25"]
[Round "5.6"]
[White "Bareev, Evgeny"]
[Black "Kostadinov, Georgi"]
[Result "1-0"]
[WhiteElo "2721"]
[BlackElo "2203"]
[PlyCount "79"]
[EventDate "2023.07.22"]
[EventType "swiss"]
[EventRounds "10"]
[EventCountry "CAN"]

1. d4 d5 2. c4 c6 3. Nf3 Nf6 4. Nc3 a6 5. e3 Bf5 6. Qb3 Ra7 7. Nh4 Be6 8. Bd2
g6 9. Be2 Bg7 10. O-O O-O 11. Rac1 Nbd7 12. Nf3 dxc4 13. Bxc4 Bxc4 14. Qxc4 e6
15. e4 Qa8 16. Qe2 b5 17. e5 Nd5 18. Ne4 a5 19. h4 N7b6 20. h5 Nc4 21. Bg5 a4
22. b3 axb3 23. axb3 Na5 24. Qd3 Rb8 25. Bd2 Rb6 26. hxg6 hxg6 27. Nfg5 Nb7 28.
Qh3 Nd8 29. Qh7+ Kf8 30. Nf6 Bxf6 31. exf6 Ke8 32. Qg8+ Kd7 33. Nxf7 Nxf7 34.
Qxf7+ Kd6 35. Qxg6 Qf8 36. Rfe1 Qxf6 37. Bb4+ Kd7 38. Qh7+ Ne7 39. Rc3 Ra2 40.
Rf3 1-0

[Event "CAN op"]
[Site "Calgary CAN"]
[Date "2023.07.25"]
[Round "5.7"]
[White "Dorrance, Adam"]
[Black "Tolentino, Patrick Angelo"]
[Result "1/2-1/2"]
[WhiteElo "2401"]
[BlackElo "2201"]
[PlyCount "94"]
[EventDate "2023.07.22"]
[EventType "swiss"]
[EventRounds "10"]
[EventCountry "CAN"]

1. c4 e6 2. Nc3 d5 3. e3 Nf6 4. Nf3 Be7 5. b3 O-O 6. Bb2 dxc4 7. Bxc4 a6 8. a4
b6 9. O-O Bb7 10. Ne2 c5 11. Ng3 Nc6 12. Ng5 h6 13. Nh3 Na5 14. Nf4 Nxc4 15.
bxc4 Qd6 16. Nfh5 Rad8 17. Bc3 Qc6 18. f3 Ne8 19. Qb1 g6 20. Nf4 Bf6 21. Bxf6
Nxf6 22. Rd1 Qc7 23. Qb2 Nd7 24. Rab1 Bc6 25. Qc2 Nf6 26. Nfe2 Rd6 27. Nc3 Rfd8
28. Qb2 Qe7 29. Qa2 Qc7 30. Qb2 Qe7 31. Ra1 h5 32. Nf1 h4 33. e4 Nh5 34. Ne2
Qc7 35. Qe5 Qe7 36. a5 f6 37. Qb2 b5 38. Ne3 R6d7 39. Rac1 b4 40. Ra1 Kf7 41.
Qc2 Qd6 42. d3 Qe5 43. Ng4 Qg5 44. Rd2 Nf4 45. Nxf4 Qxf4 46. Nf2 Qe3 47. h3 Rb8
1/2-1/2

[Event "CAN op"]
[Site "Calgary CAN"]
[Date "2023.07.25"]
[Round "5.9"]
[White "Ng, Gary"]
[Black "Aljo, Johan"]
[Result "1-0"]
[WhiteElo "2349"]
[BlackElo "2124"]
[PlyCount "63"]
[EventDate "2023.07.22"]
[EventType "swiss"]
[EventRounds "10"]
[EventCountry "CAN"]

1. e4 c6 2. Ne2 d5 3. e5 Bf5 4. Ng3 Bg6 5. h4 h6 6. h5 Bh7 7. e6 fxe6 8. d4 Qd6
9. f4 Nd7 10. Bd3 Bxd3 11. Qxd3 O-O-O 12. Be3 Ngf6 13. Nd2 Ng4 14. O-O-O Nb6
15. Rh4 Nxe3 16. Qxe3 Nc4 17. Nxc4 dxc4 18. Ne4 Qd5 19. Nc3 Qd6 20. g4 g5 21.
hxg6 Bg7 22. Ne4 Qd5 23. c3 e5 24. fxe5 Bxe5 25. Rh5 Qa5 26. Rxe5 Qxa2 27. Nd2
Qa1+ 28. Nb1 Rhg8 29. Qe4 Rd6 30. Qf5+ Kb8 31. Ra5 e6 32. Qe5 1-0

[Event "CAN op"]
[Site "Calgary CAN"]
[Date "2023.07.25"]
[Round "5.12"]
[White "Mannion, Stephen"]
[Black "Khodjimatov, Sherzod"]
[Result "0-1"]
[WhiteElo "2203"]
[BlackElo "2304"]
[PlyCount "154"]
[EventDate "2023.07.22"]
[EventType "swiss"]
[EventRounds "10"]
[EventCountry "CAN"]

1. e4 e5 2. Nf3 Nc6 3. Bb5 a6 4. Ba4 Nge7 5. c3 Ng6 6. d4 exd4 7. cxd4 Bb4+ 8.
Nc3 d5 9. exd5 Bxc3+ 10. bxc3 Qxd5 11. O-O O-O 12. Bb3 Qb5 13. Ng5 Bg4 14. f3
Bd7 15. Ne4 Na5 16. Bc2 Rfe8 17. a4 Be6 18. Re1 Nc4 19. Ng3 Qa5 20. Qd3 Nd6 21.
Ba3 Bc4 22. Qd2 Red8 23. Ne4 Nf5 24. Bb4 Qb6 25. a5 Qc6 26. Nc5 Nd6 27. Nd3 Be6
28. Ne5 Nxe5 29. Rxe5 Ne8 30. Rae1 Nf6 31. Be7 Rd5 32. Bxf6 gxf6 33. Rxd5 Qxd5
34. Qh6 Bf5 35. Be4 Qxa5 36. Qxf6 Qxc3 37. Kf2 Bg6 38. h4 c5 39. Re2 Qxd4+ 40.
Qxd4 cxd4 41. Bxb7 Ra7 42. Bc8 a5 43. g4 Rc7 44. Ba6 Bb1 45. Re8+ Kg7 46. Rd8
Ra7 47. Bc4 a4 48. Rxd4 a3 49. Rd8 a2 50. Bxa2 Rxa2+ 51. Kg3 Ra3 52. Re8 Bc2
53. Re1 Ba4 54. Rc1 Bb5 55. Rc5 Bd3 56. Kf2 h6 57. g5 h5 58. Re5 Bc4 59. Rf5
Rd3 60. Kg3 Bd5 61. Rf4 Be6 62. Kf2 Rd5 63. Kg3 Rf5 64. Rd4 Bd5 65. f4 Be6 66.
Rd6 Rb5 67. Kf3 Kg6 68. Ke4 Kg7 69. Ra6 Bf5+ 70. Kd4 Rb4+ 71. Ke5 Bd3 72. Rf6
Bb1 73. f5 Re4+ 74. Kd5 Rxh4 75. Ke5 Re4+ 76. Kd5 Re1 77. Rh6 Bxf5 0-1

[Event "CAN op"]
[Site "Calgary CAN"]
[Date "2023.07.25"]
[Round "5.13"]
[White "Henry, Liam"]
[Black "Song, Ethan"]
[Result "0-1"]
[WhiteElo "2172"]
[BlackElo "2255"]
[PlyCount "120"]
[EventDate "2023.07.22"]
[EventType "swiss"]
[EventRounds "10"]
[EventCountry "CAN"]

1. Nf3 e6 2. g3 Nf6 3. Bg2 d5 4. O-O c5 5. d3 Nc6 6. Nbd2 Qc7 7. e4 d4 8. a4 e5
9. Nc4 Be6 10. b3 h6 11. Nh4 Nd7 12. f4 O-O-O 13. Na3 f6 14. Ng6 Rg8 15. Qh5 a6
16. Bh3 Bf7 17. Bf5 Kb8 18. Qg4 Bd6 19. Be6 h5 20. Qf5 Bxg6 21. Qxg6 Nf8 22.
Qf7 Nxe6 23. Qxe6 Rde8 24. Qh3 exf4 25. Bxf4 Bxf4 26. Rxf4 Ne5 27. Qxh5 Rh8 28.
Qe2 g5 29. Rxf6 g4 30. Raf1 Nf3+ 31. R1xf3 gxf3 32. Qxf3 Qh7 33. Qf2 Reg8 34.
Nc4 Qh5 35. Rf4 Ka7 36. Nd6 Rg6 37. Nf5 Qd1+ 38. Kg2 Rd8 39. Nh4 Rg5 40. Nf3
Rg7 41. Qd2 Qb1 42. Nh4 Rh8 43. Nf5 Rg6 44. Rf1 Rxh2+ 45. Kxh2 Qxf1 46. Qg2 Qd1
47. Qf2 Rg8 48. Kg2 Rh8 49. Nh4 Qg4 50. Kf1 Rg8 51. Nf5 Rh8 52. Nh4 Qg7 53. Ke1
Qg5 54. Kd1 Rg8 55. Nf5 Rf8 56. b4 Rh8 57. Nh4 Ka8 58. bxc5 Qxc5 59. Qf5 Qc3
60. Qf2 Rc8 0-1

[Event "CAN op"]
[Site "Calgary CAN"]
[Date "2023.07.25"]
[Round "5.14"]
[White "Campbell, Ryan"]
[Black "Zhang, Michelle"]
[Result "1-0"]
[WhiteElo "2228"]
[BlackElo "1734"]
[PlyCount "55"]
[EventDate "2023.07.22"]
[EventType "swiss"]
[EventRounds "10"]
[EventCountry "CAN"]

1. e4 c6 2. d4 d5 3. e5 Bf5 4. Nf3 e6 5. Be2 Nd7 6. O-O Ne7 7. c3 Bg6 8. a4 Nf5
9. a5 h5 10. Nbd2 c5 11. dxc5 Bxc5 12. b4 Be7 13. a6 b6 14. Qa4 O-O 15. Bb5 Nb8
16. Bb2 Qc7 17. c4 Rd8 18. Nb3 Nd7 19. cxd5 Qc2 20. Rfc1 Qxb2 21. Ra2 Qxc1+ 22.
Nxc1 Rac8 23. Ne2 Nxe5 24. Nxe5 Rxd5 25. Nxg6 fxg6 26. Bd7 Nd4 27. Bxc8 Nxe2+
28. Rxe2 1-0

[Event "CAN op"]
[Site "Calgary CAN"]
[Date "2023.07.25"]
[Round "5.15"]
[White "Liu, Zachary"]
[Black "Yang, Ryan"]
[Result "1/2-1/2"]
[WhiteElo "2071"]
[BlackElo "2217"]
[PlyCount "87"]
[EventDate "2023.07.22"]
[EventType "swiss"]
[EventRounds "10"]
[EventCountry "CAN"]

1. e4 Nf6 2. Nc3 d5 3. exd5 Nxd5 4. Bc4 Nb6 5. Bb3 Nc6 6. Nf3 e5 7. d3 Be7 8.
h3 Bf5 9. Qe2 f6 10. Be3 Qd7 11. O-O-O O-O-O 12. d4 Qe8 13. dxe5 fxe5 14. Rxd8+
Bxd8 15. a3 e4 16. Nd4 Bd7 17. Nxc6 Bxc6 18. Qg4+ Nd7 19. Bd4 Qg6 20. Qxg6 hxg6
21. Bxg7 Rh7 22. Bd4 Bf6 23. Bxf6 Nxf6 24. Nd1 Kd7 25. Ne3 Ke7 26. Rd1 Rh5 27.
Kd2 a5 28. Ke1 a4 29. Bc4 Ra5 30. c3 Rc5 31. Rd4 Re5 32. g4 b6 33. Be2 Nd7 34.
Kf1 Nc5 35. Kg2 Ne6 36. Rd2 Ra5 37. Kg3 Kf6 38. Bc4 Nc5 39. Nd5+ Bxd5 40. Rxd5
Ra8 41. g5+ Ke7 42. Ba2 Rf8 43. Bb1 Ke6 44. Ba2 1/2-1/2

[Event "CAN op"]
[Site "Calgary CAN"]
[Date "2023.07.25"]
[Round "5.16"]
[White "Soberov, Emil"]
[Black "Wang, Patrick"]
[Result "1-0"]
[WhiteElo "2280"]
[BlackElo "1622"]
[PlyCount "61"]
[EventDate "2023.07.22"]
[EventType "swiss"]
[EventRounds "10"]
[EventCountry "CAN"]

1. e4 c5 2. Nc3 Nc6 3. Bb5 Nf6 4. Bxc6 dxc6 5. f4 Qc7 6. d3 e5 7. f5 c4 8. Be3
Bb4 9. g4 h6 10. h3 Bxc3+ 11. bxc3 c5 12. Nf3 b6 13. O-O Ba6 14. Qb1 Rd8 15.
Rd1 O-O 16. Bf2 Bb7 17. Bg3 Nd7 18. h4 f6 19. g5 hxg5 20. hxg5 Kf7 21. Qb5 Rde8
22. Qxc4+ Ke7 23. Nd4 Ba6 24. Qxa6 cxd4 25. cxd4 Qc3 26. dxe5 fxe5 27. Be1 Qxc2
28. Bb4+ Kf7 29. Rac1 Qc4 30. Qxc4+ Re6 31. Qxe6# 1-0

[Event "CAN op"]
[Site "Calgary CAN"]
[Date "2023.07.25"]
[Round "5.17"]
[White "Gao, Raymond"]
[Black "Zhong, Ryan Yunhui"]
[Result "1-0"]
[WhiteElo "2222"]
[BlackElo "2017"]
[PlyCount "43"]
[EventDate "2023.07.22"]
[EventType "swiss"]
[EventRounds "10"]
[EventCountry "CAN"]

1. e4 e6 2. d4 d5 3. Nd2 c5 4. Ngf3 cxd4 5. Nxd4 Nf6 6. exd5 Nxd5 7. N2f3 Bc5
8. c3 O-O 9. Bc4 Nb6 10. Bb3 a6 11. O-O Qc7 12. Qe2 Bd7 13. Qe4 Nc6 14. Ng5 g6
15. Qh4 h5 16. Ne4 Be7 17. Bg5 Bxg5 18. Qxg5 Kg7 19. Qf6+ Kg8 20. Nf5 Qe5 21.
Ne7+ Kh7 22. Ng5+ 1-0

[Event "CAN op"]
[Site "Calgary CAN"]
[Date "2023.07.25"]
[Round "5.18"]
[White "Srinivasan, Hemant"]
[Black "Singh Dhaliwal, Jaipreet"]
[Result "0-1"]
[WhiteElo "2200"]
[BlackElo "2028"]
[PlyCount "102"]
[EventDate "2023.07.22"]
[EventType "swiss"]
[EventRounds "10"]
[EventCountry "CAN"]

1. d4 Nf6 2. c4 g6 3. Nc3 Bg7 4. e4 d6 5. Nf3 O-O 6. Be2 e5 7. O-O Nc6 8. d5
Ne7 9. b4 a5 10. bxa5 Rxa5 11. a4 b6 12. Bd2 Ra8 13. Qc2 Ne8 14. Nb5 f5 15. a5
bxa5 16. Rxa5 Rxa5 17. Bxa5 fxe4 18. Nd2 e3 19. fxe3 Nf5 20. e4 Ne3 21. Rxf8+
Bxf8 22. Qb3 Bh6 23. Nf3 Ng4 24. Nxc7 Be3+ 25. Kf1 Ba7 26. Qb5 Nxc7 27. Qc6
Ne3+ 28. Ke1 Nxg2+ 29. Kd1 Bb8 30. c5 Bd7 31. Qxd6 Ba4+ 32. Kd2 Qxd6 33. cxd6
Ne8 34. Nxe5 Nxd6 35. Nc6 Nxe4+ 36. Kd3 Nf2+ 37. Kc3 Bd6 38. Bb4 Ne4+ 39. Kc4
Bxb4 40. Kxb4 Bc2 41. Nd4 Bb1 42. Bc4 Kf8 43. Ka3 Ne3 44. Bb3 Nc5 45. Ne6+ Nxe6
46. dxe6 Ke7 47. Kb4 Bf5 48. Kc3 Bxe6 49. Ba4 Nf1 50. h4 Kf6 51. Kd4 Ng3 0-1

[Event "CAN op"]
[Site "Calgary CAN"]
[Date "2023.07.25"]
[Round "5.19"]
[White "Chandra, Anand Rishi"]
[Black "Wang, Andy"]
[Result "1-0"]
[WhiteElo "2199"]
[BlackElo "1960"]
[PlyCount "109"]
[EventDate "2023.07.22"]
[EventType "swiss"]
[EventRounds "10"]
[EventCountry "CAN"]

1. e4 e5 2. Nf3 Nc6 3. Bc4 Bc5 4. c3 Nf6 5. d3 d6 6. O-O O-O 7. h3 Be6 8. Bb5
Ne7 9. Re1 c6 10. Ba4 Ng6 11. Nbd2 b5 12. Bc2 Qb6 13. Rf1 Nf4 14. b4 Bxf2+ 15.
Rxf2 Bxh3 16. Nc4 bxc4 17. Bxf4 Ng4 18. d4 Nxf2 19. Kxf2 Bg4 20. Be3 Qc7 21.
dxe5 dxe5 22. Qe2 a5 23. Qxc4 Be6 24. Qc5 axb4 25. cxb4 f6 26. a4 Kf7 27. a5
Rfb8 28. Bd3 Qb7 29. Rb1 Ba2 30. Rb2 Be6 31. a6 Qc7 32. Be2 Bc8 33. Rd2 Ke8 34.
b5 Qe7 35. Qxc6+ Bd7 36. Qd5 Be6 37. Qd6 Bd7 38. b6 Qxd6 39. Rxd6 Bc8 40. a7
Rb7 41. Bb5+ Ke7 42. Bc5 Kf7 43. Bc6 Kg6 44. Bxb7 Bxb7 45. Rd7 Bxe4 46. b7 Bxb7
47. Rxb7 e4 48. Rb8 exf3 49. Rxa8 fxg2 50. Re8 g1=Q+ 51. Kxg1 h5 52. a8=Q Kf7
53. Qd5+ Kxe8 54. Qe6+ Kd8 55. Bb6# 1-0

[Event "CAN op"]
[Site "Calgary CAN"]
[Date "2023.07.25"]
[Round "5.20"]
[White "Sharma, Vishruth"]
[Black "Taylor, Ashton"]
[Result "1-0"]
[WhiteElo "2198"]
[BlackElo "1969"]
[PlyCount "73"]
[EventDate "2023.07.22"]
[EventType "swiss"]
[EventRounds "10"]
[EventCountry "CAN"]

1. e4 c5 2. Nf3 e6 3. d3 Nc6 4. Nbd2 e5 5. g3 Be7 6. Bg2 Nf6 7. O-O O-O 8. Nc4
d6 9. a4 Rb8 10. c3 a6 11. a5 Be6 12. Nfd2 d5 13. exd5 Bxd5 14. Qe2 Bxg2 15.
Kxg2 Qd5+ 16. Nf3 Bd6 17. Bg5 Qe6 18. Bxf6 Qxf6 19. Nfd2 Bc7 20. Ne4 Qe7 21.
Qe3 f5 22. Nxc5 f4 23. gxf4 Rxf4 24. Ne4 Rbf8 25. f3 Qf7 26. Rf2 Ne7 27. Ncd2
Nf5 28. Qc5 Nh4+ 29. Kh1 Nxf3 30. Rxf3 Rxf3 31. Ng5 Qd7 32. Ngxf3 Qxd3 33. Qxc7
Rxf3 34. Qc8+ Rf8 35. Qc4+ Qxc4 36. Nxc4 Rf2 37. Re1 1-0

[Event "CAN op"]
[Site "Calgary CAN"]
[Date "2023.07.25"]
[Round "5.21"]
[White "Murali, Dhruv"]
[Black "Nguyen, Kim"]
[Result "1/2-1/2"]
[WhiteElo "1560"]
[BlackElo "2145"]
[PlyCount "72"]
[EventDate "2023.07.22"]
[EventType "swiss"]
[EventRounds "10"]
[EventCountry "CAN"]

1. b3 e5 2. Bb2 Nc6 3. e3 Nf6 4. d4 exd4 5. exd4 Bb4+ 6. Nd2 O-O 7. Ngf3 Nd5 8.
Bd3 Bc3 9. Qc1 Re8+ 10. Kf1 Bxb2 11. Qxb2 Nf4 12. Bc4 d5 13. Bb5 Bd7 14. a4 Qf6
15. Bxc6 bxc6 16. h4 c5 17. Ne5 Bc8 18. Ndf3 Ba6+ 19. c4 dxc4 20. bxc4 cxd4 21.
Qxd4 Rad8 22. Qb2 Ng6 23. Re1 Re6 24. h5 Nxe5 25. Nxe5 Rde8 26. Rh3 Bxc4+ 27.
Kg1 h6 28. Rhe3 Bd5 29. Qd4 c6 30. Qxa7 R6e7 31. Ng4 Qg5 32. Rxe7 Rxe7 33. Rxe7
Qxg4 34. Qb8+ Kh7 35. Qg3 Qd1+ 36. Kh2 Qxh5+ 1/2-1/2

[Event "CAN op"]
[Site "Calgary CAN"]
[Date "2023.07.25"]
[Round "5.22"]
[White "Hoekman, Samuel"]
[Black "He, Matthew"]
[Result "1/2-1/2"]
[WhiteElo "2005"]
[BlackElo "2140"]
[PlyCount "90"]
[EventDate "2023.07.22"]
[EventType "swiss"]
[EventRounds "10"]
[EventCountry "CAN"]

1. d4 d5 2. Nf3 Nf6 3. g3 Bf5 4. Bg2 e6 5. O-O Be7 6. c4 c6 7. Nc3 Nbd7 8. Qb3
Qb6 9. c5 Qa6 10. Nh4 Bg4 11. h3 Bh5 12. g4 Bg6 13. Nxg6 hxg6 14. Qc2 O-O-O 15.
Bf4 Nh7 16. Rfb1 Ng5 17. Bxg5 Bxg5 18. e4 Qc4 19. Rd1 Rdf8 20. Bf1 Qb4 21. a3
Qa5 22. b4 Qc7 23. b5 f5 24. e5 Nb8 25. bxc6 bxc6 26. Rab1 fxg4 27. Qxg6 Qf7
28. Qxf7 Rxf7 29. hxg4 Rf4 30. Be2 Rh3 31. f3 Rf8 32. Rd3 Rfh8 33. Bf1 Rh1+ 34.
Kg2 Bf4 35. Kf2 R8h2+ 36. Bg2 Rxb1 37. Nxb1 Nd7 38. Nc3 Nf8 39. Ne2 Ng6 40. Rd1
Kb7 41. Rb1+ Kc7 42. a4 a5 43. Rg1 Bg5 44. Rh1 Rxh1 45. Bxh1 Nf4 1/2-1/2

[Event "CAN op"]
[Site "Calgary CAN"]
[Date "2023.07.25"]
[Round "5.23"]
[White "Doknjas, Neil"]
[Black "Gao, Lucy"]
[Result "1-0"]
[WhiteElo "2297"]
[BlackElo "1933"]
[PlyCount "45"]
[EventDate "2023.07.22"]
[EventType "swiss"]
[EventRounds "10"]
[EventCountry "CAN"]

1. d4 Nf6 2. c4 e6 3. Nc3 Bb4 4. f3 b6 5. e4 Nxe4 6. fxe4 Qh4+ 7. Ke2 Bxc3 8.
bxc3 Qxe4+ 9. Kf2 Bb7 10. Nf3 d6 11. Bd3 Qc6 12. Re1 O-O 13. Be4 d5 14. Bxh7+
Kxh7 15. Ng5+ Kg6 16. Qg4 f5 17. Qg3 Kf6 18. Nxe6 Qxe6 19. Bg5+ Kf7 20. Rxe6
Kxe6 21. Re1+ Kf7 22. Re7+ Kg8 23. Bf6 1-0

[Event "CAN op"]
[Site "Calgary CAN"]
[Date "2023.07.25"]
[Round "5.24"]
[White "Jackson, Mateo"]
[Black "Yam, Alex"]
[Result "0-1"]
[WhiteElo "1914"]
[BlackElo "2362"]
[PlyCount "54"]
[EventDate "2023.07.22"]
[EventType "swiss"]
[EventRounds "10"]
[EventCountry "CAN"]

1. e4 c5 2. Nc3 Nc6 3. Bb5 Nf6 4. Bxc6 dxc6 5. f4 e5 6. fxe5 Bg4 7. Nge2 Nd7 8.
O-O Nxe5 9. d3 Bd6 10. Qe1 Qe7 11. a3 h5 12. h3 Bd7 13. Ng3 g6 14. Be3 h4 15.
Nge2 g5 16. b4 cxb4 17. axb4 g4 18. Nf4 Bxb4 19. Kh1 a5 20. Bd2 Rd8 21. Qf2 Be6
22. Nxe6 Qxe6 23. d4 gxh3 24. dxe5 Rg8 25. gxh3 Qxh3+ 26. Qh2 Qxh2+ 27. Kxh2
Rxd2+ 0-1

[Event "CAN op"]
[Site "Calgary CAN"]
[Date "2023.07.25"]
[Round "5.25"]
[White "MacLeod, Damon"]
[Black "Sasata, Robert"]
[Result "0-1"]
[WhiteElo "1889"]
[BlackElo "2306"]
[PlyCount "38"]
[EventDate "2023.07.22"]
[EventType "swiss"]
[EventRounds "10"]
[EventCountry "CAN"]

1. d4 d5 2. Nc3 c5 3. e4 dxe4 4. d5 Nf6 5. Be3 Bg4 6. Be2 Bxe2 7. Ngxe2 Nbd7 8.
Ng3 Qb6 9. O-O O-O-O 10. Ngxe4 e6 11. d6 Nxe4 12. Nxe4 h6 13. a4 f5 14. a5 Qc6
15. Nxc5 Nxc5 16. Ra3 Ne4 17. f3 Bxd6 18. Qe2 Bxa3 19. fxe4 Bc5 0-1

[Event "CAN op"]
[Site "Calgary CAN"]
[Date "2023.07.25"]
[Round "5.26"]
[White "Bince, Rolando"]
[Black "Kapra, Jerjis"]
[Result "0-1"]
[WhiteElo "1881"]
[BlackElo "2198"]
[PlyCount "70"]
[EventDate "2023.07.22"]
[EventType "swiss"]
[EventRounds "10"]
[EventCountry "CAN"]

1. e4 e5 2. Nf3 Nc6 3. d4 exd4 4. Nxd4 Nf6 5. Nxc6 bxc6 6. Bd3 d5 7. e5 Ng4 8.
Qe2 Bc5 9. Be3 Nxe3 10. fxe3 Qh4+ 11. Qf2 Qg5 12. Qg3 Qxe3+ 13. Qxe3 Bxe3 14.
Nd2 O-O 15. O-O-O Re8 16. Kb1 Bxd2 17. Rxd2 Rxe5 18. Rf1 Bd7 19. c4 Rae8 20.
Rff2 g6 21. Kc2 Be6 22. b3 dxc4 23. bxc4 Ra5 24. Kc3 Rb8 25. Rb2 Rb6 26. h3 Kf8
27. g4 Ke7 28. Rfe2 Kd6 29. Kd4 h5 30. Ke3 hxg4 31. hxg4 Bxg4 32. Rf2 Be6 33.
Kf4 Ra3 34. Rfd2 Ke7 35. Be2 Bf5 0-1

[Event "CAN op"]
[Site "Calgary CAN"]
[Date "2023.07.25"]
[Round "5.27"]
[White "Rekhson, Vladislav"]
[Black "Darvekar, Yash"]
[Result "1-0"]
[WhiteElo "2146"]
[BlackElo "1886"]
[PlyCount "69"]
[EventDate "2023.07.22"]
[EventType "swiss"]
[EventRounds "10"]
[EventCountry "CAN"]

1. e4 c5 2. c3 Nf6 3. e5 Nd5 4. Nf3 Nc6 5. Bc4 Nb6 6. Bb3 c4 7. Bc2 d6 8. exd6
e6 9. O-O Bxd6 10. b3 O-O 11. Na3 cxb3 12. axb3 Nd5 13. d4 f5 14. c4 Nf6 15.
Re1 a6 16. Bb2 Rb8 17. Ng5 Bxh2+ 18. Kf1 Qd6 19. c5 Qd5 20. Bd3 Nd8 21. Bc4 Qc6
22. Qe2 Nd5 23. Qh5 h6 24. Qxh2 hxg5 25. Bxd5 Qxd5 26. Qxb8 Nc6 27. Qg3 f4 28.
Qf3 Qf5 29. Qe4 Qg4 30. Rad1 Rf6 31. Qf3 Qf5 32. d5 g4 33. Qe4 Qh5 34. Bxf6 f3
35. gxf3 1-0

[Event "CAN op"]
[Site "Calgary CAN"]
[Date "2023.07.25"]
[Round "5.28"]
[White "Perelman, Leon"]
[Black "Karmali, Hafiz"]
[Result "1-0"]
[WhiteElo "2129"]
[BlackElo "1869"]
[PlyCount "69"]
[EventDate "2023.07.22"]
[EventType "swiss"]
[EventRounds "10"]
[EventCountry "CAN"]

1. c4 f5 2. Nc3 Nf6 3. d4 e6 4. Nf3 b6 5. g3 Bb7 6. Bg2 Be7 7. O-O O-O 8. d5
Na6 9. Nd4 Nc5 10. b4 Nce4 11. Nxe4 Nxe4 12. f3 Nc3 13. Qc2 Bxb4 14. e3 Nxd5
15. cxd5 Bxd5 16. Bb2 Be7 17. e4 fxe4 18. fxe4 Rxf1+ 19. Rxf1 Bb7 20. Nf3 Bc5+
21. Kh1 Qe7 22. h4 Rf8 23. Kh2 h6 24. Rd1 g5 25. Qc3 Kh7 26. hxg5 hxg5 27. Qe5
Rg8 28. Bh3 Bd6 29. Qb5 a6 30. Qd3 e5 31. Bf5+ Kh8 32. Kg2 g4 33. Rh1+ Kg7 34.
Rh7+ Kf8 35. Nh4 {time} 1-0